MARC details
| 000 -LEADER |
| fixed length control field |
02798cam a2200553Ki 4500 |
| 001 - CONTROL NUMBER |
| control field |
1134446050 |
| 003 - CONTROL NUMBER IDENTIFIER |
| control field |
OCoLC |
| 005 - DATE AND TIME OF LATEST TRANSACTION |
| control field |
20210505174352.0 |
| 008 - FIXED-LENGTH DATA ELEMENTS--GENERAL INFORMATION |
| fixed length control field |
200422t20202019meu d 000 1 eng d |
| 020 ## - INTERNATIONAL STANDARD BOOK NUMBER |
| International Standard Book Number |
1432869612 |
| 020 ## - INTERNATIONAL STANDARD BOOK NUMBER |
| International Standard Book Number |
9781432869618 |
| 020 ## - INTERNATIONAL STANDARD BOOK NUMBER |
| International Standard Book Number |
0825445914 |
| Qualifying information |
(softcover) |
| 020 ## - INTERNATIONAL STANDARD BOOK NUMBER |
| International Standard Book Number |
9780825445910 |
| Qualifying information |
(softcover) |
| 035 ## - SYSTEM CONTROL NUMBER |
| System control number |
(OCoLC)1134446050 |
| 040 ## - CATALOGING SOURCE |
| Original cataloging agency |
YDX |
| Language of cataloging |
eng |
| Description conventions |
rda |
| Transcribing agency |
YDX |
| Modifying agency |
KSL |
| -- |
KAH |
| -- |
OCLCO |
| -- |
BDX |
| -- |
LW1 |
| 082 04 - DEWEY DECIMAL CLASSIFICATION NUMBER |
| Classification number |
823/.92 |
| Edition number |
23 |
| 092 ## - LOCALLY ASSIGNED DEWEY CALL NUMBER (OCLC) |
| Classification number |
F Miller |
| 099 #9 - LOCAL FREE-TEXT CALL NUMBER (OCLC) |
| Filing suffix |
LP |
| Classification number |
FICTION |
| 100 1# - MAIN ENTRY--PERSONAL NAME |
| Personal name |
Miller, Carolyn, |
| Dates associated with a name |
1974- |
| Relator term |
author. |
| 9 (RLIN) |
5730555 |
| 245 10 - TITLE STATEMENT |
| Title |
Misleading Miss Verity / |
| Statement of responsibility, etc |
Carolyn Miller. |
| 246 ## - VARYING FORM OF TITLE |
| Remainder of title |
Regency Brides: Daughters of Aynsley |
| 246 ## - VARYING FORM OF TITLE |
| Remainder of title |
Regency Brides |
| 246 ## - VARYING FORM OF TITLE |
| Remainder of title |
Daughters of Aynsley |
| 246 ## - VARYING FORM OF TITLE |
| Remainder of title |
Regency Brides: Daughters of Aynsley Book Three |
| 246 ## - VARYING FORM OF TITLE |
| Remainder of title |
Regency Brides: Daughters of Aynsley Book 3 |
| 250 ## - EDITION STATEMENT |
| Edition statement |
Large print edition. |
| 264 #1 - Production, Publication, Distribution, Manufacture, and Copyright Notice. |
| Place of production, publication, distribution, manufacture |
Waterville, Maine : |
| Name of producer, publisher, distributor, manufacturer |
Thorndike Press, a part of Gale, a Cengage Company, |
| Date of production, publication, distribution, manufacture, or copyr |
2020. |
| 264 #4 - Production, Publication, Distribution, Manufacture, and Copyright Notice. |
| Date of production, publication, distribution, manufacture, or copyr |
©2019 |
| Place of production, publication, distribution, manufacture |
Grand Rapids, MI : |
| Name of producer, publisher, distributor, manufacturer |
Kregel Publications, |
| 300 ## - PHYSICAL DESCRIPTION |
| Extent |
559 pages (large print) ; |
| Dimensions |
23 cm. |
| 336 ## - Content Type |
| Content type term |
text |
| 337 ## - Media type |
| Media type term |
unmediated |
| 338 ## - Carrier type |
| Carrier type term |
volume |
| 440 ## - SERIES STATEMENT/ADDED ENTRY--TITLE |
| Title |
Regency Brides: Daughters of Aynsley : |
| Volume number/sequential designation |
Book 3. |
| 9 (RLIN) |
6391779 |
| 520 ## - SUMMARY, ETC. |
| Summary, etc |
"Verity Hatherleigh has a mind of her own -- but her actions do not impress her viscount papa, who sends her off to the wilds of Scotland to rethink her headstrong ways. Anthony Jardine has relished his role as curate, but his new duties as laird of Dungally aren't to his liking. He's finding nothing but trouble on these estates, and the intelligent, feisty lass who was sent to rusticate in his territory is one of the biggest problems. He's falling in love with her, but he's been lying to her about who he really is. The tangled web these two have woven may spell disaster for their happiness -- and for the tenants of Dungally."--Back cover. |
| 650 #0 - SUBJECT ADDED ENTRY--TOPICAL TERM |
| Topical term or geographic name as entry element |
Man-woman relationships |
| Form subdivision |
Fiction. |
| 9 (RLIN) |
5674079 |
| 650 #0 - SUBJECT ADDED ENTRY--TOPICAL TERM |
| Topical term or geographic name as entry element |
Aristocracy (Social class) |
| Geographic subdivision |
England |
| Form subdivision |
Fiction. |
| 9 (RLIN) |
5751296 |
| 650 #0 - SUBJECT ADDED ENTRY--TOPICAL TERM |
| Topical term or geographic name as entry element |
Clergy |
| Geographic subdivision |
Scotland |
| Form subdivision |
Fiction. |
| 9 (RLIN) |
6358400 |
| 650 #0 - SUBJECT ADDED ENTRY--TOPICAL TERM |
| Topical term or geographic name as entry element |
Interfaith dating |
| Form subdivision |
Fiction. |
| 9 (RLIN) |
6358401 |
| 651 #0 - SUBJECT ADDED ENTRY--GEOGRAPHIC NAME |
| Geographic name |
England |
| General subdivision |
Social life and customs |
| Chronological subdivision |
19th century |
| Form subdivision |
Fiction. |
| 9 (RLIN) |
5675976 |
| 651 #0 - SUBJECT ADDED ENTRY--GEOGRAPHIC NAME |
| Geographic name |
Scotland |
| General subdivision |
Social life and customs |
| Chronological subdivision |
19th century |
| Form subdivision |
Fiction. |
| 9 (RLIN) |
5698438 |
| 651 #0 - SUBJECT ADDED ENTRY--GEOGRAPHIC NAME |
| Geographic name |
Great Britain |
| General subdivision |
History |
| Chronological subdivision |
Regency, 1811-1820 |
| Form subdivision |
Fiction. |
| 9 (RLIN) |
5708422 |
| 655 #7 - INDEX TERM--GENRE/FORM |
| Genre/form data or focus term |
Historical fiction. |
| Source of term |
lcgft. |
| 9 (RLIN) |
6391786 |
| 655 #7 - INDEX TERM--GENRE/FORM |
| Genre/form data or focus term |
Religious fiction. |
| Source of term |
lcgft. |
| 9 (RLIN) |
5689984 |
| 655 #7 - INDEX TERM--GENRE/FORM |
| Genre/form data or focus term |
Romance fiction. |
| Source of term |
lcgft. |
| 9 (RLIN) |
6391787 |
| 655 #7 - INDEX TERM--GENRE/FORM |
| Genre/form data or focus term |
Large type books. |
| Source of term |
local. |
| 9 (RLIN) |
6391788 |
| 800 1# - SERIES ADDED ENTRY--PERSONAL NAME |
| Personal name |
Miller, Carolyn, |
| Dates associated with a name |
1974- |
| Title of a work |
Regency brides: daughters of Aynsley ; |
| Volume/sequential designation |
3. |
| 9 (RLIN) |
6358405 |
| 907 ## - LOCAL DATA ELEMENT G, LDG (RLIN) |
| a |
.b42358358x |
| 942 ## - ADDED ENTRY ELEMENTS (KOHA) |
| Source of classification or shelving scheme |
Dewey Decimal Classification |
| Koha item type |
BOOK |